000
00252nam a2200109Ia 4500
008
220204s9999 xx 000 0 und d
082
_a
032
_b
CRO
100
_a
Crouch, H
245
0
_a
Indian working class
260
_a
Ajmer
_b
Sacheri
_c
1979
942
_c
BK
999
_c
30821
_d
30821